Ritual und Text

Titel: Ritual und Text
Verfasser:
Veröffentlicht: Darmstadt : Wiss. Buchges, 2004
Umfang: VII, 381 S.
Format: Buch
Sprache: Deutsch
Schriftenreihe/
mehrbändiges Werk:
Symbolische Kommunikation in der Vormoderne
RVK-Notation:
Schlagworte:
ISBN: 3534179714 ; 9783534179718
Buchumschlag
X
alg: 39541758
001A    $01999:12-11-16 
001B    $06055:23-02-26 $t17:26:34.000 
001D    $01999:12-11-16 
001U    $0utf8 
001X    $00 
002@    $0Aax 
003@    $0395417589 
004A    $03-534-17971-4 
004A    $A978-3-534-17971-8 
007A    $0395417589 $aHEB 
007T    $0Herdc0053331m 
010@    $ager 
011@    $a2004 
013D    $RWissenschaftliche Literatur $#Dissertations, Academic $#Thèses et écrits académiques $#Hochschulschrift $D20251120 $Ecgmnf $74113937-9 $8Hochschulschrift [Tsz] $9085338818 
021A    $aRitual und Text 
028A    $D20220215 $Ecgwrk $7129248762 $8Witthöft, Christiane$Z1973- [Tp3] $9159611083 
033A    $pDarmstadt $nWiss. Buchges 
034D    $aVII, 381 S. 
036G    $aSymbolische Kommunikation in der Vormoderne 
037A    $aBetr. u.a. Přemysl Otakar II. in der Steirischen Reimchronik (116-140) 
039U    $8--Aox--Hillen, Christian. Witthöft, Christiane. Ritual und Text. - Darmstadt : Wiss. Buchges. -  2004 [Rezension], 2005 $9395061806 
044K    $RGrillparzer, Franz $R086514237 $#Österreichische Reimchronik $#Ottokar $#087079550 $D20251120 $Ecgmnf $74482775-1 $8$POttokar$lvon Steiermark$Z1265-1320 [Tp1]$aSteirische Reimchronik [Tu1] $9089058720 
044K    $#Jansen  $#Jans  $#Enenkel, Jansen $#Enikel, Jans $#Enenchel, Jansen $#Enenckel, Jansen $#Ennichel, Johannes $#Jansen  $#Jansen  $#Enikel, Jans J. $#Enikel, Jans Jansen $#Jans  $#Jansen-Enikel, Jans $#Ennichel, Johann $#Jansen  $#Jans  $#Eninkel, Jans $#Jans  $#Enenchel, Jans der $#Enikel, Jansen $#Enenkel, Jans $#Jansen $#Jans, Enikel $#Johannes  $#Jansen, Enikel $D20251120 $Ecgmnf $7118711776 $8Jansen Enikel, Jans$Z1230-1290 [Tp1] $9087052571 
044K    $RSchrifttum $RGeschichtswissenschaft $#Historiography $#Historiographie $#Storiografia $#Historiografía $#Historiography $#Geschichtsschreibung $#Geschichtsschreibung $#Historiographie $#Historiografie $#Historisierung Geschichtsschreibung $D20251120 $Ecgmnf $74020531-9 $8Geschichtsschreibung [Ts1] $9085049425 
044K    $RMacht $RTerritorium $#Power (Social sciences) $#Pouvoir (sciences sociales) $#Herrschaft $#Herrschaft $#Politische Herrschaft $#Oberherrschaft $#Oberhoheit $#Herrschaftsbildung $#Herrlichkeit Herrschaft $#Unterherrschaft $#Unterherrlichkeit $D20251120 $Ecgmnf $74024596-2 $8Herrschaft [Ts1] $9085061042 
044K    $RBuch $RSchriftsteller $#Literature $#Littérature $#Letteratura $#Literatura $#literature $#Literature $#Literatur $#Literatur $#Belletristik $#Dichtung Literatur $#Schöne Literatur $#Sprachkunst $#Wortkunst $D20251120 $Ecgmnf $74035964-5 $8Literatur [Tsz] $9085097128 
044K    $RDeutsch $#German language Middle High German, 1050-1500 $#Allemand (langue) 1050-1350 (moyen haut-allemand) $#Lengua alemana S.XI-XV $#Mittelhochdeutsche Sprache $D20251120 $Ecgmnf $74039687-3 $8Mittelhochdeutsch [Ts1] $9085108502 
044K    $#Politics and government $#Politics, Practical $#Politique et gouvernement $#Pratiques politiques $#Politica $#policies $#Politics $#Politik $#Politik $#Staatspolitik $#Politische Lage $#Politische Entwicklung $#Politische Situation $D20251120 $Ecgmnf $74046514-7 $8Politik [Tsz] $9085129836 
044K    $RRitus $#Rites and ceremonies $#Rites et cérémonies $#Ritual $#Ritus Soziologie $#Rituale $D20251120 $Ecgmnf $74050164-4 $8Ritual [Ts1] $9085140066 
044K    $RLiterarische Technik $#Narration (Rhetoric) $#Narration $#Erzählstil $#Erzählstrategie $#Erzählstruktur $#Epik Technik Kunstfertigkeit $#Epische Technik $#Narrative Struktur $#Erzählweise $#Narrativ Erzähltechnik $D20251120 $Ecgmnf $74124854-5 $8Erzähltechnik [Ts1] $9085418196 
044K    $RSymbol $RStaatssymbol $#Symbolism in politics $#Symbolisme en politique $#Simbolismo en política $#Symbol Politik $#Politische Symbolik $D20251120 $Ecgmnf $74175051-2 $8Politisches Symbol [Ts1] $9085818070 
044K    $RMotiv $#Ritual in literature $#Ritual in art $#Rites and ceremonies in literature $#Rites and ceremonies in art $#Ritos y ceremonias En el arte $D20251120 $Ecgmnf $74608313-3 $8Ritual$gMotiv [Ts1] $9093840446 
045F    $a900.943710902 $eDDC23BSB 
045F/01 $a900 
045F/03 $f0902 
045F/03 $g4371 
045Z    $D20251120 $Ecgmnf $8GF 3327 [Tkv] $9408329149 
045Z    $D20251120 $Ecgmnf $8GF 6376 [Tkv] $9408335475 
045Z    $D20251120 $Ecgmnf $8NB 5350 [Tkv] $9410848492 
045Z    $D20251120 $Ecgmnf $8NM 7250 [Tkv] $9410893749 
045Z    $D20251120 $Ecgmnf $8GF 6360 [Tkv] $9408335424 
045Z    $D20251120 $Ecgmnf $8GF 6375 [Tkv] $9408335467 
045Z    $D20251120 $Ecgmnf $8GF 6377 [Tkv] $9408335483 
045Z    $D20251120 $Ecgmnf $8NM 7260 [Tkv] $9410893757 

lok: 39541758 78

exp: 39541758 78 1 #EPN
201B/01 $022-11-18 $t23:06:03.000 
201U/01 $0utf8 
203@/01 $0791916200 
208@/01 $a12-11-16 $be 
209A/01 $a/ $f000 $x00 
220C/01 $aTitelaufnehmer: nk;tn 
220C/01 $aHerkunft: HI Marburg 
244Z/01 $#Tschechien $#Tschechische Republik $#Tschechien $#Tschechische Republik $#Tschechenland $#Tschechei Tschechien $#Česká Republika $#Czech Republic $#ČR $74303381-7 $8--Tg1--Tschechien $x01 $9086659812 
244Z/01 $2Trx $#Böhmen $#Bohemia $#Czechy $8--Trx--Čechy $x02 $9391188941 
244Z/01 $aGeschichte 1050-1500 $x03 
244Z/01 $#Otakar  II. $#Przemyslaw Ottokar  II. $#Primislaus Ottocar  II. $#Przemysl Ottokar  II. $#Přemysl Ottokar  II. $#Přemysl Otakar  II. $#Přemysl Otakar  II. $#Přemysl Otakar  II. $#Ottokar  $#Ottokar  $#Ottocarus  II. $#Ottokar  II. $#Ottokar  II. $#Ottokar  $#Otakar  $#Otakar  II. $#Ottokar  $#Otakar  II. $#Ottokar  $#Ottokar  $#Premysl, Ottokar $#Przemißl Ottokar  II. $#Otakar  II $7118590898 $8--Tp1--$POttokar Přemysl$nII.$lBöhmen, König$Z1232-1278 $x04 $9086931881 
244Z/01 $2Trx $#rituaalid, poliitilised $#politiniai ritualai $#Rituals, political $#szertartások, politikai $#rytuały polityczne $#rituále politické $#rituály politické $#Zeremoniell $#Konfliktbeilegung $#ceremónie $#ceremonie $8--Trx--Rituale, politische $x05 $9391383655 
244Z/01 $2Trx $#historiograafia, Keskaeg $#viduramžių istoriografija $#historiography, Medieval $#történettudomány, középkori $#historiografia średniowieczna $#historiografia stredoveká $#historiografie středověká $8--Trx--Historiographie, mittelalterliche $x06 $9391360183 
244Z/01 $2Trx $#suhted, Saksa-Tšehhi $#santykiai, čekų ir vokiečių $#relations, Czech-German $#kapcsolatok, cseh-német $#stosunki czesko-niemieckie $#vzťahy česko-nemecké $#vztahy česko-německé $#Beziehungen, böhmisch-deutsche $8--Trx--Beziehungen, deutsch-tschechische $x07 $939137205X 
244Z/01 $2Trx $8--Trx--Monographie $x08 $9391384546 
245Z/01 $a06.02 $x01 
247C/01 $82080>Marburg/Lahn, Herder-Institut, Forschungsbibliothek, Bibliographieportal $9336309341
LEADER 00000cam a22000002c 4500
001 395417589
003 DE-603
005 20260223172634.0
007 tu
008 161112s2004 xx |||| m u00||u|ger c
020 |a 3534179714 
020 |a 9783534179718 
035 |a (DE-599)HEB395417589 
040 |a DE-603  |b ger  |c DE-603  |d DE-603 
041 |a ger 
082 0 4 |8 1\u  |a 900.943710902  |q DE-101  |2 23/BSB 
084 |a GF 3327  |0 (DE-625)39594:  |0 (DE-603)408329149  |2 rvk 
084 |a GF 6376  |0 (DE-625)39794:  |0 (DE-603)408335475  |2 rvk 
084 |a NB 5350  |0 (DE-625)124128:  |0 (DE-603)410848492  |2 rvk 
084 |a NM 7250  |0 (DE-625)126405:  |0 (DE-603)410893749  |2 rvk 
084 |a GF 6360  |0 (DE-625)39789:  |0 (DE-603)408335424  |2 rvk 
084 |a GF 6375  |0 (DE-625)39793:  |0 (DE-603)408335467  |2 rvk 
084 |a GF 6377  |0 (DE-625)39795:  |0 (DE-603)408335483  |2 rvk 
084 |a NM 7260  |0 (DE-625)126406:  |0 (DE-603)410893757  |2 rvk 
085 |8 1\u  |b 900 
085 |8 1\u  |z 1  |s 0902 
085 |8 1\u  |z 2  |s 4371 
100 1 |a Witthöft, Christiane  |d 1973-  |0 (DE-603)159611083  |0 (DE-588)129248762  |2 gnd 
245 0 0 |a Ritual und Text 
264 1 |a Darmstadt  |b Wiss. Buchges  |c 2004 
300 |a VII, 381 S. 
490 0 |a Symbolische Kommunikation in der Vormoderne 
500 |a Betr. u.a. Přemysl Otakar II. in der Steirischen Reimchronik (116-140) 
600 0 7 |a Ottokar  |c von Steiermark  |d 1265-1320  |t Steirische Reimchronik  |0 (DE-588)4482775-1  |0 (DE-603)089058720  |2 gnd 
600 1 7 |a Jansen Enikel, Jans  |d 1230-1290  |0 (DE-588)118711776  |0 (DE-603)087052571  |2 gnd 
650 7 |a Geschichtsschreibung  |0 (DE-588)4020531-9  |0 (DE-603)085049425  |2 gnd 
650 7 |a Herrschaft  |0 (DE-588)4024596-2  |0 (DE-603)085061042  |2 gnd 
650 7 |a Literatur  |0 (DE-588)4035964-5  |0 (DE-603)085097128  |2 gnd 
650 7 |a Mittelhochdeutsch  |0 (DE-588)4039687-3  |0 (DE-603)085108502  |2 gnd 
650 7 |a Politik  |0 (DE-588)4046514-7  |0 (DE-603)085129836  |2 gnd 
650 7 |a Ritual  |0 (DE-588)4050164-4  |0 (DE-603)085140066  |2 gnd 
650 7 |a Erzähltechnik  |0 (DE-588)4124854-5  |0 (DE-603)085418196  |2 gnd 
650 7 |a Politisches Symbol  |0 (DE-588)4175051-2  |0 (DE-603)085818070  |2 gnd 
650 7 |a Ritual  |g Motiv  |0 (DE-588)4608313-3  |0 (DE-603)093840446  |2 gnd 
655 7 |a Hochschulschrift  |2 gnd-content  |0 (DE-588)4113937-9  |0 (DE-603)085338818 
787 0 8 |i Rezensiert in  |a Hillen, Christian  |t Witthöft, Christiane. Ritual und Text. - Darmstadt : Wiss. Buchges. - 2004 [Rezension]  |w (DE-603)395061806 
924 0 |9 2080  |a (DE-603)791916200  |b DE-2080  |c HES  |d d  |g /